000 00530nam a2200217Ia 4500
003 OSt
005 20221005124406.0
006 a|||||r|||| 00| 0
007 ta
008 221004b |||||||| |||| 00| 0 tam d
024 _a51672
037 _cTextual
040 _aCRL
_cCRL
_btam
041 _2tam
_atam
082 _aQ7:22, 31M3.2
100 _aAbdul karim
245 0 _aMugijittil puranan
650 _aRELIGION
942 _hQ7:22, 31M3.2
_cTEXL
_2cc
999 _c1050314
_d1050314